00686 2200241 4500001002100000005001500021035002000036007000300056008004100059020002200100082001200122084001800134245005300152250001100205300003900216700004800255600002300303264003300326336002100359337003000380338002300410990001100433INLIS00000000000036420220620022514 a0010-0622000361ta220620 0  a978-602-8811-50-7 a809.933 a809.933 TIM h aHeroes :bpara pahlawan pilihan /cTim Kick Andy acet. 1 axxii+206 hlm :bIlustrasi ;c20 cm0 aAstrid Unundarini, Tim Kick AndyePengarang 4afilsafat kehidupan aYogyakarta :bBentang,c2011 2rdacontentateks 2rdamediaatanpa perantara 2rdacarrieravolume a22.253